| 000 | 00542nam a2200205Ia 4500 | ||
|---|---|---|---|
| 005 | 20260429112004.0 | ||
| 008 | 260429s9999||||xx |||||||||||||| ||und|| | ||
| 020 | _a9798893640397 | ||
| 041 | _aEnglish | ||
| 082 |
_a551.489 _bHAY |
||
| 100 | _aHayes, Flynn | ||
| 245 | 0 |
_aFlood : _bissues, challenges and solutions / _cFlynn Hayes |
|
| 260 |
_aUnited States : _bCallisto Reference, _c2025. |
||
| 300 | _avii, 243 p.; hb | ||
| 650 | _a Floods | ||
| 650 | _a Geology | ||
| 650 | _a Hydrology | ||
| 650 | _aEarth science | ||
| 942 | _cTB | ||
| 999 |
_c51769 _d51769 |
||